Diccionario de Reforma Agraria (Latinoamerica)

Պահպանված է:
Մատենագիտական մանրամասներ
Հիմնական հեղինակ: Santos de Morais, Clodomir
Ձևաչափ: Տեքստ
Հրապարակվել է: San José: EDUCA
Ցուցիչներ: Ավելացրեք ցուցիչ
Չկան պիտակներ, Եղեք առաջինը, ով նշում է այս գրառումը!

MARC

LEADER 00000 a a2200000 04500
001 24819
003
040
090 |a 175500   |b REFERENCIA  
100 |a Santos de Morais, Clodomir  
245 |a Diccionario de Reforma Agraria (Latinoamerica)  
260 |a San José:   |b EDUCA  
300 |a 533 p.  
999 |c 17575  |d 17575